<?xml version="1.0" encoding="UTF-8"?><?xml-stylesheet type="text/xsl" href="static/style.xsl"?><OAI-PMH xmlns="http://www.openarchives.org/OAI/2.0/" xmlns:xsi="http://www.w3.org/2001/XMLSchema-instance" xsi:schemaLocation="http://www.openarchives.org/OAI/2.0/ http://www.openarchives.org/OAI/2.0/OAI-PMH.xsd"><responseDate>2026-04-13T01:35:06Z</responseDate><request verb="GetRecord" identifier="oai:www.recercat.cat:2117/445585" metadataPrefix="marc">https://recercat.cat/oai/request</request><GetRecord><record><header><identifier>oai:recercat.cat:2117/445585</identifier><datestamp>2026-02-07T11:04:41Z</datestamp><setSpec>com_2072_1033</setSpec><setSpec>col_2072_452950</setSpec></header><metadata><record xmlns="http://www.loc.gov/MARC21/slim" xmlns:dcterms="http://purl.org/dc/terms/" xmlns:xsi="http://www.w3.org/2001/XMLSchema-instance" xmlns:doc="http://www.lyncode.com/xoai" xsi:schemaLocation="http://www.loc.gov/MARC21/slim http://www.loc.gov/standards/marcxml/schema/MARC21slim.xsd">
   <leader>00925njm 22002777a 4500</leader>
   <datafield ind2=" " ind1=" " tag="042">
      <subfield code="a">dc</subfield>
   </datafield>
   <datafield ind2=" " ind1=" " tag="720">
      <subfield code="a">Jin, Jiangyue</subfield>
      <subfield code="e">author</subfield>
   </datafield>
   <datafield ind2=" " ind1=" " tag="720">
      <subfield code="a">Espino Infantes, Manuel</subfield>
      <subfield code="e">author</subfield>
   </datafield>
   <datafield ind2=" " ind1=" " tag="720">
      <subfield code="a">Fernández García, Daniel</subfield>
      <subfield code="e">author</subfield>
   </datafield>
   <datafield ind2=" " ind1=" " tag="720">
      <subfield code="a">Folch Sancho, Albert</subfield>
      <subfield code="e">author</subfield>
   </datafield>
   <datafield ind2=" " ind1=" " tag="260">
      <subfield code="c">2025-07-21</subfield>
   </datafield>
   <datafield ind2=" " ind1=" " tag="520">
      <subfield code="a">Coastal zones are increasingly acknowledged as dynamic yet fragile components of global ecosystems amidst escalating anthropogenic activities and complex land–ocean interactions. Understanding the interactions between groundwater and the ocean is crucial for managing submarine groundwater discharge (SGD) and seawater intrusion (SWI), vital for coastal ecosystem preservation and water resource management. This research proposes an integrated modeling approach that couples groundwater flow and physical oceanographic models to accurately simulate coastal-ocean–groundwater interactions. In this work, a TELEMAC-3D-based three-dimensional hydrodynamic model was initially developed to capture marine conditions with variable salinity and temperature. A MODFLOW 6 groundwater model was subsequently constructed. The models were efficiently coupled using FloPy and TelApy, enabling precise co-simulation of hydrodynamic and groundwater systems. Validation of the coupled model against empirical data confirmed its high fidelity, with errors within acceptable ranges. This coupled model employs dynamic boundary conditions, overcoming the limitations of traditional coastal groundwater models that assume constant salinity. This enhancement significantly improves the accuracy and practicality of simulating SGD processes in the coastal ocean. The bidirectional feedback mechanism within the coupled model strengthens the analysis of interactions between the ocean and groundwater systems. It accounts for variations in the seawater boundary under tidal influence and the reciprocal impact of groundwater dynamics on the hydrodynamic conditions of nearshore waters. This holistic enhancement bolsters the model's hydrological simulation capabilities, providing a more comprehensive depiction of the intricate water–salt exchange mechanisms in coastal systems.</subfield>
   </datafield>
   <datafield ind2=" " ind1=" " tag="520">
      <subfield code="a">Peer Reviewed</subfield>
   </datafield>
   <datafield ind2=" " ind1=" " tag="520">
      <subfield code="a">Postprint (published version)</subfield>
   </datafield>
   <datafield tag="653" ind2=" " ind1=" ">
      <subfield code="a">Àrees temàtiques de la UPC::Enginyeria civil::Enginyeria hidràulica, marítima i sanitària</subfield>
   </datafield>
   <datafield tag="653" ind2=" " ind1=" ">
      <subfield code="a">Coastal zone modeling</subfield>
   </datafield>
   <datafield tag="653" ind2=" " ind1=" ">
      <subfield code="a">SGD</subfield>
   </datafield>
   <datafield tag="653" ind2=" " ind1=" ">
      <subfield code="a">SWI</subfield>
   </datafield>
   <datafield tag="653" ind2=" " ind1=" ">
      <subfield code="a">Coupled model</subfield>
   </datafield>
   <datafield tag="653" ind2=" " ind1=" ">
      <subfield code="a">Telemac</subfield>
   </datafield>
   <datafield tag="653" ind2=" " ind1=" ">
      <subfield code="a">Telapy</subfield>
   </datafield>
   <datafield tag="653" ind2=" " ind1=" ">
      <subfield code="a">Modflow6</subfield>
   </datafield>
   <datafield tag="653" ind2=" " ind1=" ">
      <subfield code="a">Flopy</subfield>
   </datafield>
   <datafield tag="653" ind2=" " ind1=" ">
      <subfield code="a">Groundwater-ocean interaction</subfield>
   </datafield>
   <datafield ind2="0" ind1="0" tag="245">
      <subfield code="a">Coupling of numerical groundwater–ocean models to improve understanding of the coastal zone</subfield>
   </datafield>
</record></metadata></record></GetRecord></OAI-PMH>